000 00287nam a22001337a 4500
008 171021b xxu||||| |||| 00| 0 eng d
020 _a9780536617507
041 _aeng
080 _a658
100 _a54
101 _aLID
245 _aTOOLS FOR TEAMS
_cTHOMPSON, L
942 _2udc
_cBK
999 _c35310
_d35310